| 000 | 00633nam a22002177a 4500 | ||
|---|---|---|---|
| 003 | OSt | ||
| 005 | 20240625120638.0 | ||
| 008 | 240625b |||||||| |||| 00| 0 eng d | ||
| 020 | _a0415124360 | ||
| 040 | _cMUST | ||
| 082 | _a362.5 STE 1995 | ||
| 100 | _4Stewart, Frances | ||
| 245 |
_aAdjustment and Poverty _b: options and choices |
||
| 260 |
_aNewyork _b:Routledge _c, C 1995 |
||
| 300 |
_aix,243p _c; 23 cm |
||
| 504 | _aincludes bibliography includes index | ||
| 650 | _2Structual adjustment | ||
| 650 |
_aPoverty-developing countries _917799 |
||
| 650 |
_aworld -bank -developing countries _917800 |
||
| 942 |
_2ddc _cO_SHELF |
||
| 999 |
_c8808 _d8808 |
||